000 00735nam a22002297a 4500
003 UA-OsUOA
001 77762
007 ta
008 20110922b un ||||| |||| 00| 0 ukr d
100 _aЛевичев А.В.
700 _aСамохвалов К.Ф.
090 _a101
_bЛ37
942 _cSA
040 _aUA-OsUOA
_brus
_cUA-OsUOA
_dUA-OsUOA
245 _aТеоретические (семантико-синтаксические) перспективы кантовской философии времени
300 _aС.41-52
955 _a0
041 _arus
080 _a101
773 0 _w77758
_tФилософия науки
_dНовосибирск
_d2011
_g2
650 7 _a1 Філософські науки
_2UDC
999 _c364062
_d364062